000 00150nam a22000857a 4500
082 _a823
100 _aWILHAM, HANS
245 _aPIRATES AHOY
942 _cBK
999 _c8141
_d8141